Monarchs of Spain - Statistics

General Stats
  • This quiz has been taken 438 times
  • The average score is 16 of 20
Answer Stats
Hint Answer % Correct
H 1556-1598 II Philip
94%
H 1598-1621 III Philip
94%
H 1621-1665 IV Philip
94%
B 1700-1724, 1724-1746 V Philip
94%
B 2014-Present VI Philip
94%
H 1516-1556 I Charles
91%
H 1665-1700 II Charles
91%
B 1759-1788 III Charles
91%
B 1788-1808 IV Charles
91%
B 1833-1868 II Isabella
88%
T 1475-1504 (Castile), 1479-1516 (Aragon) V & II Ferdinand
86%
B 1745-1759 VI Ferdinand
86%
B 1808-1808, 1813-1833 VII Ferdinand
86%
B 1975-2014 I Juan Carlos
73%
B 1874-1885 XII Alfonso
63%
B 1886-1931 XIII Alfonso
63%
N 1808-1813 I Joseph
63%
B 1724-1724 I Louis
63%
T 1504-1555 (Castile), 1516-1555 (Aragon) Joanna
52%
S 1870-1873 I Amadeo
44%
No matching quizzes found
Score Distribution
Percent of People with Each Score
Percentile by Number Answered
Your Score History
You have not taken this quiz